Skúška ohňom - Hry o život 2 /
Napriek nepriazni osudu sa Katniss a Peetovi podarilo prežiť. V celej krajine sa šepká o rebélii proti Sídlu, ktorú mali podnietiť práve oni dvaja. Čaká ich turné víťazov a v stávke je veľa. Šou sa ešte neskončila, stačí jeden nesprávny krok a následky budú hrozivé. Tvorcovia Hier majú navyše v ruká...
Uloženo v:
| Série: | Hry o život,
část 2 |
|---|---|
| Hlavní autor: | |
| Médium: | E-kniha |
| Jazyk: | Czech |
| Vydáno: |
Praha :
Albatros Media Slovakia s.r.o.,
2025
|
| Příbuzné jednotky: | Z cyklu::
Hry o život |
| Tagy: |
Žádné tagy |
| LEADER | 01437nam a22002417i 4500 | ||
|---|---|---|---|
| 001 | 302670 | ||
| 007 | ta | ||
| 008 | 260514s2025 xr ||||| |||| 00| 0 cze d | ||
| 020 | |a 9788056644553 | ||
| 044 | |a xr | ||
| 100 | 1 | |a Collins, Suzanne |4 aut | |
| 245 | 1 | 0 | |a Skúška ohňom - Hry o život 2 / |c Collins, Suzanne |
| 240 | 1 | 0 | |a The Hunger Games: Catching Fire |
| 264 | 1 | |a Praha : |b Albatros Media Slovakia s.r.o., |c 2025 | |
| 300 | |a 1 online zdroj (376 stran) | ||
| 336 | |a text |b txt |2 rdacontent | ||
| 337 | |a bez média |b n |2 rdamedia | ||
| 338 | |a online zdroj |b cr |2 rdacarrier | ||
| 520 | 2 | |a Napriek nepriazni osudu sa Katniss a Peetovi podarilo prežiť. V celej krajine sa šepká o rebélii proti Sídlu, ktorú mali podnietiť práve oni dvaja. Čaká ich turné víťazov a v stávke je veľa. Šou sa ešte neskončila, stačí jeden nesprávny krok a následky budú hrozivé. Tvorcovia Hier majú navyše v rukáve nepríjemné prekvapenie. | |
| 787 | 0 | 8 | |g 2 |i Z cyklu: |t Hry o život |
| 910 | |a RBIT002 | ||
| 998 | |d 426905 |a https://core.palmknihy.cz/api/books/426905/cover?tesghh |b https://core.palmknihy.cz/api/books/426905/cover/400?tesghh |c https://core.palmknihy.cz/api/books/426905/cover/50?tesghh |e 2027-12-31 |g 376 |i 9788056644553 |j https://core.palmknihy.cz/api/books/426905/preview.epub |k https://core.palmknihy.cz/api/books/426905/preview.pdf |l |q 49 |r 1 |s https://www.palmknihy.cz/kniha/426905 |t ebook |y 2025 |z 1 |v Hry o život |w 2 | ||
| 999 | |d 302668 | ||